الأخطل الصغير / (رقم التسجيلة. 15419)

تفاصيل مارك
000 -LEADER
fixed length control field 00660nam a22002297a 4500
005 - DATE AND TIME OF LATEST TRANSACTION
control field 20251108164830.0
008 - FIXED-LENGTH DATA ELEMENTS--GENERAL INFORMATION
fixed length control field 250721s1991 xx 000 0 ara d
020 ## - INTERNATIONAL STANDARD BOOK NUMBER
International Standard Book Number 272141013X
082 14 - DEWEY DECIMAL CLASSIFICATION NUMBER
Classification number ط/928.11/مطر
100 1# - MAIN ENTRY--PERSONAL NAME
Personal name مطر، سهيل
Relator term مؤلف
245 10 - TITLE STATEMENT
Title الأخطل الصغير /
264 1# - PRODUCTION, PUBLICATION, DISTRIBUTION, MANUFACTURE, AND COPYRIGHT NOTICE
Place of production, publication, distribution, manufacture بيروت :
Name of producer, publisher, distributor, manufacturer دار المشرق،
Date of production, publication, distribution, manufacture, or copyright notice 1991.
300 ## - PHYSICAL DESCRIPTION
Extent 140ص.
490 0# - SERIES STATEMENT
Series statement شعراء لبنان
Volume/sequential designation ج4.
650 17 - SUBJECT ADDED ENTRY--TOPICAL TERM
Topical term or geographic name as entry element لبنان
650 17 - SUBJECT ADDED ENTRY--TOPICAL TERM
Topical term or geographic name as entry element الشعراا العرب
650 17 - SUBJECT ADDED ENTRY--TOPICAL TERM
Topical term or geographic name as entry element العصر الحديث
650 17 - SUBJECT ADDED ENTRY--TOPICAL TERM
Topical term or geographic name as entry element الشعر العربي
653 ## - INDEX TERM--UNCONTROLLED
Uncontrolled term ناشاون كبار (15-18) سنه
942 ## - ADDED ENTRY ELEMENTS (KOHA)
Source of classification or shelving scheme Dewey Decimal Classification
Koha item type كتب
المقتنيات
حالة السحب حالة الفقدان مصدر التصنيف حالة التلف غير قابل للإعارة المكتبة الرئيسية المكتبة الحالية موقع الرف تاريخ التزويد الرقم المتسلسل Total Checkouts رقم الإستدعاء الباركود تاريخ آخر ظهور تاريخ الفاتورة نوع المادة (كوها)
    Dewey Decimal Classification     مكتبة الأميرة ايمان العامة مكتبة الأميرة ايمان العامة الأطفال 14/05/2009 1272242   ط/928.11/مطر PLD00090681 28/07/2025 14/05/2009 كتب
    Dewey Decimal Classification     مكتبة الاميرة بديعة مكتبة الاميرة بديعة الأطفال 14/05/2009 1272247   ط/928.11/مطر PLD00090676 28/07/2025 14/05/2009 كتب
    Dewey Decimal Classification     مكتبة الحسن العامة مكتبة الحسن العامة الأطفال 14/05/2009 1272246   ط/928.11/مطر PLD00090677 28/07/2025 14/05/2009 كتب
    Dewey Decimal Classification     مكتبة الراية الهاشمية للأطفال مكتبة الراية الهاشمية للأطفال الأطفال 14/05/2009 1272244   ط/928.11/مطر PLD00090679 28/07/2025 14/05/2009 كتب
    Dewey Decimal Classification     مكتبة صويلح العامة مكتبة صويلح العامة الأطفال 14/05/2009 1272243   ط/928.11/مطر PLD00090680 28/07/2025 14/05/2009 كتب
    Dewey Decimal Classification     مكتبةمؤتة مكتبةمؤتة الأطفال 14/05/2009 1272245   ط/928.11/مطر PLD00090678 28/07/2025 14/05/2009 كتب
Implemented & Customized by: BBB with SCIT (Smart Chains for Information Technology)

Powered by Koha